[Event "SVK-chT2A 1314"]
[Site "Slovakia"]
[Date "2014.02.01"]
[Round "7.8"]
[White "Kahanec, Jan"]
[Black "Goga, Frantisek"]
[Result "0-1"]
[WhiteElo "1693"]
[BlackElo "1887"]
[PlyCount "40"]
[EventDate "2013.10.19"]
[EventType "team-tourn"]
[EventRounds "11"]
[EventCountry "SVK"]
[SourceTitle "EXT 2015"]
[Source "ChessBase"]
[SourceDate "2014.11.20"]
[SourceVersion "1"]
[SourceVersionDate "2014.11.20"]
[SourceQuality "1"]
[WhiteTeam "Dunajska Streda II"]
[BlackTeam "Bratislava Doprastav III"]
[WhiteTeamCountry "SVK"]
[BlackTeamCountry "SVK"]

1. e4 c5 2. Nc3 Nc6 3. d3 d6 4. Be2 g6 5. Be3 Bg7 6. Qd2 e6 7. Nf3 Nge7 8. d4 cxd4 9. Nxd4 0-0 10. Nxc6 bxc6 11. Bh6 d5 12. Bxg7 Kxg7 13. e5 d4 14. Ne4 Qd5 15. Qf4 Qa5+ 16. Nd2 Nd5 17. Qxd4 Rd8 18. c3 c5 19. Qd3 Rb8 20. Nb3 Rxb3 0-1

[Event "SVK-chT2A 1314"]
[Site "Slovakia"]
[Date "2013.10.19"]
[Round "1.7"]
[White "Kahanec, Jan"]
[Black "Kolman, Richard"]
[Result "1/2-1/2"]
[WhiteElo "1693"]
[BlackElo "2072"]
[PlyCount "52"]
[EventDate "2013.10.19"]
[EventType "team-tourn"]
[EventRounds "11"]
[EventCountry "SVK"]
[SourceTitle "EXT 2015"]
[Source "ChessBase"]
[SourceDate "2014.11.20"]
[SourceVersion "1"]
[SourceVersionDate "2014.11.20"]
[SourceQuality "1"]
[WhiteTeam "Dunajska Streda II"]
[BlackTeam "Bratislava DP"]
[WhiteTeamCountry "SVK"]
[BlackTeamCountry "SVK"]

1. e4 d6 2. Nc3 Nf6 3. Nf3 c6 4. d4 Bg4 5. Be2 e6 6. Bg5 Qa5 7. Bd2 Nbd7 8. h3 Bh5 9. Nd5 Qd8 10. Nxf6+ Nxf6 11. Bg5 h6 12. Bxf6 Qxf6 13. c3 Qd8 14. Nd2 Bxe2 15. Qxe2 Be7 16. 0-0 0-0 17. Rad1 Qd7 18. Nf3 f5 19. exf5 exf5 20. Rfe1 Rae8 21. b3 g6 22. c4 Bf6 23. Qd2 Kg7 24. d5 c5 25. Rxe8 Rxe8 26. Re1 Rxe1+ 1/2-1/2